书目信息 |
| 题名: |
相约未来
|
|
| 作者: | 冯意刚 , 段宁 , 王慧芳 主编 ;长沙市“儿童友好型城市”创建工作领导小组办公室 编 | |
| 分册: | ||
| 出版信息: | 北京 中国建筑工业出版社 2021.12 |
|
| 页数: | 218页, [2] 页图版 | |
| 开本: | 24cm | |
| 丛书名: | ||
| 单 册: | ||
| 中图分类: | TU984 | |
| 科图分类: | ||
| 主题词: | 城市规划--cheng shi gui hua--建筑设计 | |
| 电子资源: | ||
| ISBN: | 978-7-112-26795-8 | |
| 000 | 01571nam0 2200301 450 | |
| 001 | 28088 | |
| 005 | 20221008143820.25 | |
| 010 | @a978-7-112-26795-8@dCNY58.00 | |
| 100 | @a20220118d2021 em y0chiy50 ea | |
| 101 | 0 | @achi |
| 102 | @aCN@b110000 | |
| 105 | @aaf a 001yy | |
| 200 | 1 | @a相约未来@Axiang yue wei lai@e创建儿童友好型城市理念与实践@d= Meet the future@ethe concept and practice of creating child friendly cities@f长沙市“儿童友好型城市”创建工作领导小组办公室编@zeng |
| 210 | @a北京@c中国建筑工业出版社@d2021.12 | |
| 215 | @a218页, [2] 页图版@c图@d24cm | |
| 314 | @a书内题: 冯意刚, 段宁, 王慧芳主编 | |
| 320 | @a有书目 (第209-218页) 和索引 | |
| 330 | @a本书共分两篇。上篇是权利保障: 理念与共识 ; 下篇是协作共创: 长沙实践。内容包括儿童权利保护: 儿童友好型城市的核心价值、不断涌现的全球实践、为什么要建设儿童友好型城市、安全与健康、教育与成长、参与与自我实现、关注与行动、体系与组织、城市规划制定与实施等。 | |
| 510 | 1 | @aMeet the future@ethe concept and practice of creating child friendly cities@zeng |
| 517 | 1 | @a创建儿童友好型城市理念与实践@Achuang jian er tong you hao xing cheng shi li nian yu shi jian |
| 606 | 0 | @a城市规划@Acheng shi gui hua@x建筑设计 |
| 690 | @aTU984@v5 | |
| 701 | 0 | @a冯意刚@Afeng yi gang@4主编 |
| 701 | 0 | @a段宁@Aduan ning@4主编 |
| 701 | 0 | @a王慧芳@Awang hui fang@4主编 |
| 712 | 02 | @a长沙市“儿童友好型城市”创建工作领导小组办公室@Achang sha shi “ er tong you hao xing cheng shi ” chuang jian gong zuo ling dao xiao zu ban gong shi@4编 |
| 801 | 0 | @aCN@c20220910 |
| 905 | @a河南城建学院图书馆@dTU984@eF532@f2 | |
| 相约未来:创建儿童友好型城市理念与实践= Meet the future:the concept and practice of creating child friendly cities/长沙市“儿童友好型城市”创建工作领导小组办公室编.-北京:中国建筑工业出版社,2021.12 |
| 218页, [2] 页图版:图;24cm |
| ISBN 978-7-112-26795-8:CNY58.00 |
| 本书共分两篇。上篇是权利保障: 理念与共识 ; 下篇是协作共创: 长沙实践。内容包括儿童权利保护: 儿童友好型城市的核心价值、不断涌现的全球实践、为什么要建设儿童友好型城市、安全与健康、教育与成长、参与与自我实现、关注与行动、体系与组织、城市规划制定与实施等。 |
| ● |
| 相关链接 |
|
|
|
正题名:相约未来
索取号:TU984/F532
 
预约/预借
| 序号 | 登录号 | 条形码 | 馆藏地/架位号 | 状态 | 备注 |
| 1 | 1580763 | 215807633 | 建筑库201/201建筑库 90排2列2层/ [索取号:TU984/F532] | 在馆 | |
| 2 | 1580764 | 215807642 | 建筑库201/201建筑库 90排2列2层/ [索取号:TU984/F532] | 在馆 |